| 000 | 00799nam a22002177a 4500 | ||
|---|---|---|---|
| 003 | MX-MxUPN | ||
| 005 | 20240918133036.0 | ||
| 008 | 240918n201 mx do||gr|||| 00| 0 spa d | ||
| 040 |
_aMX-MxUPN _bspa _cMX-MxUPN |
||
| 041 | _aspa | ||
| 050 | 1 | 4 |
_aF1219 _bA84 |
| 245 | 0 | 3 | _aLa atención educativa de niñas, niños y adolescentes indígenas |
| 260 |
_aMéxico : _bInstituto Nacional de Evaluación de la Educación, _c[201?]. |
||
| 300 |
_a[1] hoja plegable : _bgráficas, fotografías |
||
| 490 | 0 | _aTextos de divulgación | |
| 650 | 4 |
_926121 _aIndígenas de México _vEstadística _xEducación |
|
| 650 | 0 |
_948745 _aNiños indígenas _xEducación _zMéxico |
|
| 650 | 4 |
_950137 _aAdolescentes indígenas _zMéxico |
|
| 902 |
_aDaniela Badillo 20/09/23 _bMaríaRobles/180924 |
||
| 942 |
_2lcc _cFOLL _n0 |
||
| 999 |
_c211739 _d211739 |
||